Charles Chauncey correspondence, (Record no. 40419)
[ view plain ]
| 000 -LEADER | |
|---|---|
| fixed length control field | 01021cpmaa2200277 4500 |
| 001 - CONTROL NUMBER | |
| control field | mm 79000478 |
| 003 - CONTROL NUMBER IDENTIFIER | |
| control field | DLC |
| 005 - DATE AND TIME OF LATEST TRANSACTION | |
| control field | 20260227111631.0 |
| 008 - FIXED-LENGTH DATA ELEMENTS--GENERAL INFORMATION | |
| fixed length control field | 790403|||||||||||| eng |
| 010 ## - LIBRARY OF CONGRESS CONTROL NUMBER | |
| LC control number | mm 79000478 |
| 040 ## - CATALOGING SOURCE | |
| Original cataloging agency | DLC |
| Transcribing agency | DLC |
| Description conventions | dacs |
| Modifying agency | DLC |
| 072 #7 - SUBJECT CATEGORY CODE | |
| Subject category code | C |
| Source | lcmd |
| 100 1# - MAIN ENTRY--PERSONAL NAME | |
| Personal name | Chauncey, Charles, |
| Dates associated with a name | 1777-1849. |
| 245 00 - TITLE STATEMENT | |
| Title | Charles Chauncey correspondence, |
| Inclusive dates | 1801. |
| 300 ## - PHYSICAL DESCRIPTION | |
| Extent | 1 |
| Type of unit | item. |
| 506 0# - RESTRICTIONS ON ACCESS NOTE | |
| Terms governing access | Open to research. |
| 545 0# - BIOGRAPHICAL OR HISTORICAL DATA | |
| Biographical or historical data | Lawyer, of Philadelphia, Pa. |
| 546 ## - LANGUAGE NOTE | |
| Language note | Collection material in English. |
| 520 8# - SUMMARY, ETC. | |
| Summary, etc. | Letter from Chauncey to William Smith Shaw relating to national politics. |
| 545 ## - BIOGRAPHICAL OR HISTORICAL DATA | |
| Biographical or historical data | Collection material in English. |
| 580 ## - LINKING ENTRY COMPLEXITY NOTE | |
| Linking entry complexity note | Forms part of: Miscellaneous Manuscripts collection. |
| 600 10 - SUBJECT ADDED ENTRY--PERSONAL NAME | |
| Personal name | Shaw, William Smith, |
| Dates associated with a name | 1778-1826 |
| Form subdivision | Correspondence. |
| 651 #0 - SUBJECT ADDED ENTRY--GEOGRAPHIC NAME | |
| Geographic name | United States |
| General subdivision | Politics and government |
| Chronological subdivision | 1801-1809. |
No items available.